000 00272nam a2200121Ia 4500
008 190216s9999||||xx |||||||||||||| ||und||
100 _aDaphne Du Maurier
245 0 _aJamica Inn
260 _bLongmans
_c1963
300 _a121p
650 _aEnglish Stories
942 _cBK
999 _c11829
_d11829